| 000 | 01816nam0a2200349 4500 | ||
|---|---|---|---|
| 001 | RU\NLR\BIBL_A\011141910 | ||
| 005 | 20260406085320.0 | ||
| 010 |
_a978-5-7256-0795-6 _9250 |
||
| 021 |
_aRU _b2016-40494 _92593 |
||
| 035 | _a(NILC)RuMoRGB-008489607 | ||
| 035 | _a(NLR Aleph) 011141910 | ||
| 090 |
_a11623965 _c11623965 |
||
| 100 | _a20160530d2016 |||y0rusy50 ca | ||
| 101 | 0 | _arus | |
| 102 | _aRU | ||
| 105 | _aa|||z|||000yy | ||
| 200 | 1 |
_aУправление развитием кадрового потенциала образовательного комплекса национального исследовательского университета _eмонография _fА. А. Анисимов _gпод. ред. д.э.н., проф. Ю.П. Анискина _gМ-во образования и науки Рос. Федерации, Нац. исслед. ун-т "МИЭТ" |
|
| 210 |
_aМосква _cМИЭТ _d2016 |
||
| 215 |
_a91 с. _cил. _d27 |
||
| 320 | _aБиблиогр.: с. 87-90 (72 назв.) | ||
| 601 | 0 | 2 |
_aМосковский государственный институт электронной техники _xКадры _xПодготовка _92287591 _3RU\NLR\AUTH\6601597957 |
| 601 | 0 | 2 |
_aМосковский государственный институт электронной техники _xКадры _xУправление _92287590 _3RU\NLR\AUTH\6601597956 |
| 686 | 1 | _aЧ488.751.4(2)7 | |
| 686 | 1 | _aЧ48п | |
| 686 | 1 | _aЧ489.518.83 | |
| 700 | 1 |
_4070 _7ca _8rus _aАнисимов _bА. А. _cканд. экон. наук _f1964- _gАндрей Анатольевич _3RU\NLR\AUTH\770279947 _92651914 |
|
| 801 | 0 |
_aRU _bРГБ _c20160517 _gRCR |
|
| 942 | _cBOOK | ||
| 980 | _aNBR | ||
| 980 | _aNB | ||